| 000 | 00854nam a22001937a 4500 | ||
|---|---|---|---|
| 003 | JO-AjAnu | ||
| 005 | 20240326132453.0 | ||
| 008 | 240326b jo ||||| |||| 00| 0 ara d | ||
| 040 |
_aJO-AjAnu _cJO-AjAnu |
||
| 041 | 0 | _aara | |
| 050 |
_aP99 _b2022 |
||
| 100 | 1 |
_aمركز العالم للتوثيق _965160 _eمعد |
|
| 245 | 2 | 1 |
_aالسفينة والربان : رؤية سردية لمسيرة رائد الاعمال والمثقف السعودي عبد الرحمن بن عبدالله المشقيح / _cاعداد مركز العالم للتوثيق ؛ إشراف محمد بن حمود الطريقي |
| 260 |
_aالسعودية : _bمركز العالم للتوثيق، _c2022 |
||
| 300 | _a212 صفحة | ||
| 650 | 7 | 0 |
_aالقصة العربية _917686 |
| 711 |
_cالطريفي، محمد بن حمود _jمعد |
||
| 942 |
_2lcc _cBK _n0 |
||
| 999 |
_c33363 _d33363 |
||